00448 2200181 4500001002100000008004100021035002000062245002800082100001500110260003700125300002000162020002200182084001400204082000800218650001000226990001500236990001500251INLIS000000000003187 ind  a0010-1225000008 aPulang-PergicTere Liye aLiye, Tere aDepok :bPT Sabak Grip Nusantara a414c13,5x20 cm a978-623-95545-2-1 a813 LIY p a813 aFiksi a19606/B/26 a19607/B/26